000 00409nam a2200157 i 4500
001 78043
003 ES-MaACL
005 20230906173517.0
007 t|
008 041011s1913 xxk ||||1| eng d
100 1 _aHarris, David Fraser.
_961906
245 1 0 _aNerves /
_cDavid Fraser Harris.
260 _aLondon :
_bWilliams and Norgate,
_c[1913]
300 _a256 p. ;
_c17 cm.
852 _aES-MaACL
_jC-2734
999 _c78043
_d78043